000 00650nam a2200229Ia 4500
003 OSt
005 20220930201728.0
006 a|||||r|||| 00| 0
007 ta
008 220926b |||||||| |||| 00| 0 hin d
024 _a79537
037 _cDissertations
040 _aCRL
_cCRL
_bhin
041 _2hin
_ahin
100 _aPradeep Kumar Singh
_9566141
245 0 _aHindi navlekhan mein Ramswarup Chaturvedi kee alochanaa drishti
260 _c1999
650 _aHINDI LITERATURE
_923866
700 _a Dr Krishan Dutt Sharma Gu.
942 _cDIS
_2CC
999 _c902302
_d902302